Proposal and Thesis Writing: An Introduction (Record no. 4480)

MARC details
005 - DATE AND TIME OF LATEST TRANSACTION
control field 20250621070722.0
020 ## - INTERNATIONAL STANDARD BOOK NUMBER
International Standard Book Number 9966-08-133-X
082 ## - DEWEY DECIMAL CLASSIFICATION NUMBER
Classification number 808.02KOM
100 ## - MAIN ENTRY--PERSONAL NAME
Author name KOMBO. D. K
245 ## - TITLE STATEMENT
Title Proposal and Thesis Writing: An Introduction
260 ## - PUBLICATION, DISTRIBUTION, ETC.
Place of publication, distribution, etc. NAIROBI
Name of publisher, distributor, etc. KOMBO. D. K
Date of publication, distribution, etc. 2006
300 ## - PHYSICAL DESCRIPTION
Extent 168P,; ill, figure & table
Other physical details Appendices
Dimensions 21cm
700 ## - ADDED ENTRY--PERSONAL NAME
Other authors/Editors TROMP. D. L. A
942 ## - ADDED ENTRY ELEMENTS (KOHA)
Source of classification or shelving scheme Dewey Decimal Classification
Koha item type Books
Holdings
Date last seen Total checkouts Full call number Barcode Cost, replacement price Price effective from Koha item type Lost status Source of classification or shelving scheme Damaged status Not for loan Withdrawn status Home library Current library Shelving location Date acquired Cost, normal purchase price
06/20/2025   808.02KOM DOM0001853 24000.00 06/20/2025 Books   Dewey Decimal Classification       CBE Dodoma CBE Dodoma Special Reserve Collection 09/29/2009 8000.00
06/20/2025   808.02KOM DOM0001852 24000.00 06/20/2025 Books   Dewey Decimal Classification       CBE Dodoma CBE Dodoma Special Reserve Collection 09/29/2009 8000.00
06/20/2025   808.02KOM DOM0001844 24000.00 06/20/2025 Books   Dewey Decimal Classification       CBE Dodoma CBE Dodoma Special Reserve Collection 09/29/2009 8000.00
06/20/2025   808.02KOM DOM0001851 24000.00 06/20/2025 Books   Dewey Decimal Classification       CBE Dodoma CBE Dodoma Special Reserve Collection 09/29/2009 8000.00
06/29/2025   808.02KOM DOM0003293 24000.00 06/29/2025 Books   Dewey Decimal Classification       CBE Dodoma CBE Dodoma General Collection 09/29/2009 8000.00
06/29/2025   808.02KOM D0M0004098 24000.00 06/29/2025 Books   Dewey Decimal Classification       CBE Dodoma CBE Dodoma General Collection 09/29/2009 8000.00
06/29/2025   808.02KOM DOM0004099 24000.00 06/29/2025 Books   Dewey Decimal Classification       CBE Dodoma CBE Dodoma General Collection 09/29/2009 8000.00